Normal view
MARC view
- التربية الخاصة-صعوبات التعلم-الخدمات الإجتماعية-رعاية المعوقين-الطلاب المعوقين
Entry Topical Term
001 - CONTROL NUMBER
- control field: 44578
003 - CONTROL NUMBER IDENTIFIER
- control field: JO-AjAnu
005 - DATE AND TIME OF LATEST TRANSACTION
- control field: 20230606081359.0
008 - FIXED-LENGTH DATA ELEMENTS
- fixed length control field: 230606|| aca||aabn | a|a d
040 ## - CATALOGING SOURCE
- Original cataloging agency: JO-AjAnu
- Transcribing agency: JO-AjAnu
150 ## - HEADING--TOPICAL TERM
- Topical term or geographic name entry element: التربية الخاصة-صعوبات التعلم-الخدمات الإجتماعية-رعاية المعوقين-الطلاب المعوقين
670 ## - SOURCE DATA FOUND
- Source citation: Work cat.: (JO-AjAnu)22826: كوافحة، تيسير مفلح مؤلف/عبد العزيز،عمرفواز م.مشارك, author 44577, مقدمة في التربية الخاصة=Introduction Of Special Education